Blind equalization for single carrier linear constellations using modified constant modulus algorithm / (Record no. 183639)

000 -LEADER
fixed length control field 00882 a2200193 4500
003 - CONTROL NUMBER IDENTIFIER
control field NUST
005 - DATE AND TIME OF LATEST TRANSACTION
control field 20251113182635.0
040 ## - CATALOGING SOURCE
Transcribing agency Nust
082 ## - DEWEY DECIMAL CLASSIFICATION NUMBER
Classification number 621.382,BAK
100 ## - MAIN ENTRY--PERSONAL NAME
Personal name Bakhtiar, NC Amber (TCC-15A)
9 (RLIN) 131902
245 ## - TITLE STATEMENT
Title Blind equalization for single carrier linear constellations using modified constant modulus algorithm /
Statement of responsibility, etc. NC Amber Bakhtiar and NC Ahmad Omer Khan.
260 ## - PUBLICATION, DISTRIBUTION, ETC.
Place of publication, distribution, etc. Rawalpindi
Name of publisher, distributor, etc. MCS (NUST)
Date of publication, distribution, etc. 2007
300 ## - PHYSICAL DESCRIPTION
Extent 162 p.;
505 ## - FORMATTED CONTENTS NOTE
Formatted contents note Introduction (Page-1), Digital Communication (Page-3), Match Filtering (Page-9), The Wireless Channel (Page-25), Signal to Noise Ratio (Page-41), Adaptive Filters (Page-55), Channel Equalization (Page-82), A Comparison of Equalization Algorithms (Page-111), References (Page-1590.
650 ## - SUBJECT ADDED ENTRY--TOPICAL TERM
Topical term or geographic name entry element UG Projects
9 (RLIN) 98716
651 ## - SUBJECT ADDED ENTRY--GEOGRAPHIC NAME
Geographic name TCC-15A
9 (RLIN) 131903
700 ## - ADDED ENTRY--PERSONAL NAME
Personal name Supervised by Col Raja Iqbal
9 (RLIN) 131904
942 ## - ADDED ENTRY ELEMENTS (KOHA)
Koha item type Project Report
Source of classification or shelving scheme
Holdings
Withdrawn status Lost status Source of classification or shelving scheme Damaged status Not for loan Permanent Location Current Location Shelving location Date acquired Full call number Barcode Date last seen Price effective from Koha item type Public note
          Military College of Signals (MCS) Military College of Signals (MCS) Reference 12/12/2016 621.382,BAK MCSPTC-73 12/08/2016 12/12/2016 Project Report Almirah No. 94, Shelf No. 2
© 2023 Central Library, National University of Sciences and Technology. All Rights Reserved.